|
|
|
|
| LEADER |
01544nam a2200397Ia 4500 |
| 001 |
EBC1606796 |
| 003 |
MiAaPQ |
| 005 |
20200520144314.0 |
| 006 |
m o d | |
| 007 |
cr cn||||||||| |
| 008 |
090123s2012 dcua sb 000 0 eng d |
| 020 |
|
|
|z 9781475504354
|
| 020 |
|
|
|z 9781475558241
|
| 035 |
|
|
|a (MiAaPQ)EBC1606796
|
| 035 |
|
|
|a (Au-PeEL)EBL1606796
|
| 035 |
|
|
|a (CaPaEBR)ebr10579630
|
| 035 |
|
|
|a (OCoLC)795743660
|
| 040 |
|
|
|a MiAaPQ
|c MiAaPQ
|d MiAaPQ
|
| 050 |
|
4 |
|a HB133
|b .L44 2012
|
| 100 |
1 |
|
|a Leeper, Eric Michael.
|
| 245 |
1 |
0 |
|a Fiscal foresight and information flows
|h [electronic resource] /
|c Eric M. Leeper, Todd B. Walker, and Shu-Chun Susan Yang.
|
| 260 |
|
|
|a Washington, D.C. :
|b International Monetary Fund,
|c c2012.
|
| 300 |
|
|
|a 64 p. :
|b ill.
|
| 490 |
1 |
|
|a IMF working paper ;
|v 12/153
|
| 504 |
|
|
|a Includes bibliographical references.
|
| 533 |
|
|
|a Electronic reproduction. Ann Arbor, MI : ProQuest, 2015. Available via World Wide Web. Access may be limited to ProQuest affiliated libraries.
|
| 650 |
|
0 |
|a Taxation.
|
| 650 |
|
0 |
|a Fiscal policy.
|
| 650 |
|
0 |
|a Information theory in economics.
|
| 655 |
|
4 |
|a Electronic books.
|
| 700 |
1 |
|
|a Walker, Todd B.
|q (Todd Bruce)
|
| 700 |
1 |
|
|a Yang, Shu-Chun Susan,
|d 1971-
|
| 710 |
2 |
|
|a ProQuest (Firm)
|
| 710 |
2 |
|
|a National Bureau of Economic Research.
|
| 830 |
|
0 |
|a Working paper series (National Bureau of Economic Research) ;
|v working paper no. 14630.
|
| 856 |
4 |
0 |
|u https://ebookcentral.proquest.com/lib/matrademy/detail.action?docID=1606796
|z Click to View
|